00370nam a2200133Ia 4500008004100000020001500041041001200056082001600068100001700084245007800101260003300179300000800212650001600220221030s9999 xx 000 0 und d a817544181X aEnglish a105.23bNag aD. P. Nagpal 0aQuick Course in Microsoft Foxpro Version 2.6 for Windowscby D. P. Nagpal bWheeler PubaNew Delhic1999 a248 aBE Computer